Êtes-vous rapide ? Test de rapidité ad, jm - Statistiques

Statistiques générales
  • Ce quiz a été pris 458 fois
  • Le résultat moyen est 10 sur 13
Statistiques - réponses
Mot : Réponse : % Correct
Af Af
100%
Cl Cl
96%
Dp Dp
92%
Eh Eh
90%
Jx Jx
88%
Ku Ku
86%
Ov Ov
84%
Qn Qn
77%
Rs Rs
72%
Ts Ts
68%
Wi Wi
57%
Yb Yb
46%
Zg Zg
33%
Aucun quiz correspondant
Distribution des résultats
% des personnes avec chaque résultat
Percentile par nombre de réponses
Votre historique - résultats
Vous n’avez pas pris ce quiz